• Partidos monárquicos

di Topical Term

Records bibliografici associati: 1

001 - CONTROL NUMBER

  • control field: 16389

003 - CONTROL NUMBER IDENTIFIER

  • control field: IT-RoINE

005 - DATE AND TIME OF LATEST TRANSACTION

  • control field: 20150202153006.0

008 - FIXED-LENGTH DATA ELEMENTS

  • fixed length control field: 150202|| aca||aabn | a|a d

040 ## - CATALOGING SOURCE

  • Original cataloging agency: IT-RoINE
  • Transcribing agency: IT-RoINE

150 ## - HEADING--TOPICAL TERM

  • Topical term or geographic name as entry element: Partidos monárquicos
  • Geographic subdivision: España
  • Geographic subdivision: Vizcaya

670 ## - SOURCE DATA FOUND

  • Source citation: Work cat.: (IT-RoINE)0: Arana Pérez, Ignacio 16388, El monarquismo en Vizcaya durante la crisis del reinado de Alfonso : XIII, 1982.